On music theory and making music more welcoming for everyone.
"Since its inception in the mid-twentieth century, American music theory has been framed and taught almost exclusively by white men. As a result, whiteness and maleness are woven into the fabric of the field, and BIPOC music theorists face enormous hurdles due to their racial identities. In On...
Guardado en:
| Autor principal: | |
|---|---|
| Formato: | Libro |
| Lenguaje: | inglés |
| Publicado: |
Ann Arbor, [Michigan], USA :
University of Michigan Press,
2023.
|
| Colección: | Music and social justice.
|
| Materias: | |
| Etiquetas: |
Agregar Etiqueta
Sin Etiquetas, Sea el primero en etiquetar este registro!
|
MARC
| LEADER | 00000cam a22000005i 4500 | ||
|---|---|---|---|
| 001 | 23214622 | ||
| 003 | CL-VaPUC | ||
| 005 | 20250326124639.0 | ||
| 008 | 230705t20232023miu b 001 0 eng d | ||
| 999 | |c 446894 |d 446892 | ||
| 010 | |a 2023931729 | ||
| 020 | |a 9780472055029 |q (paperback) | ||
| 020 | |a 047205502X |q (paperback) | ||
| 035 | |a (OCoLC)on1377741775 | ||
| 040 | |c Pontificia Universidad Católica de Valparaíso | ||
| 042 | |a lccopycat | ||
| 043 | |a n-us--- | ||
| 050 | 0 | 0 | |a MT6 |b .E885 2023 |
| 082 | 0 | 4 | |a 781.0973 EWE 2023 |2 23 |
| 100 | 1 | |a Ewell, Philip, |e author |9 895949 | |
| 245 | 1 | 0 | |a On music theory and making music more welcoming for everyone. |
| 260 | |a Ann Arbor, [Michigan], USA : |b University of Michigan Press, |c 2023. | ||
| 300 | |a xvii, 314 páginas. | ||
| 336 | |a text |b txt |2 rdacontent | ||
| 337 | |a unmediated |b n |2 rdamedia | ||
| 338 | |a volume |b nc |2 rdacarrier | ||
| 490 | 0 | |a Music and social justice. | |
| 504 | |a Includes bibliographical references (pages 283-299) and index. | ||
| 505 | 0 | |a Intro. On On music theory. On music theory, race, and racism. On white mythologies. On Heinrich Schenker and his legacy. On Volume 12 of the Journal of Schenkerian studies. On music theory's antiblackness. On classical music's antisemitism. Outro. On a path forward and music theory's future. | |
| 520 | |a "Since its inception in the mid-twentieth century, American music theory has been framed and taught almost exclusively by white men. As a result, whiteness and maleness are woven into the fabric of the field, and BIPOC music theorists face enormous hurdles due to their racial identities. In On Music Theory, Philip Ewell brings together autobiography, music theory and history, and theory and history of race in the United States to offer a black perspective on the state of music theory and to confront the field's white supremacist roots. Over the course of the book, Ewell undertakes a textbook analysis to unpack the mythologies of whiteness and western-ness with respect to music theory, and gives, for the first time, his perspective on the controversy surrounding the publication of volume 12 of the Journal of Schenkerian Studies. He speaks directly about the antiblackness of music theory and the antisemitism of classical music writ large and concludes by offering suggestions about how we move forward. Taking an explicitly antiracist approach to music theory, with this book Ewell begins to create a space in which those who have been marginalized in music theory can thrive" -- |c Book cover. | ||
| 583 | |c 20250311 | ||
| 650 | 0 | |a Teoría de la música |x Instrucción y estudio |z Estados Unidos |9 896568 | |
| 650 | 0 | |a Músicia y raza |z Estados Unidos |9 896569 | |
| 650 | 0 | |a Antisemitismo en la música. |9 896570 | |
| 650 | 0 | |a Antirracismo |z Estados Unidos |9 896571 | |
| 942 | |2 ddc |c BK | ||
| 952 | |0 0 |1 0 |2 ddc |4 0 |6 781_097300000000000_EWE_2023 |7 0 |8 A |9 600608 |a BIBEDU |b BIBEDU |d 2025-03-05 |e 3 |g 58228.00 |i 5665529 |o 781.0973 EWE 2023 |p 5665529 |r 2025-03-05 |t 1 |v 58228.00 |w 2025-03-05 |y BK |k MUS | ||